| 000 | 00482 a2200157 4500 | ||
|---|---|---|---|
| 020 | _a0262194554 | ||
| 040 |
_aDLC _bDLC |
||
| 100 | 1 | _aSussman, Gerald Jay. | |
| 245 | 1 | 0 |
_aStructure and interpretation of classical mechanics _cGerald Jay Sussman and Jack Wisdom with Meinhard E. Mayer. |
| 260 |
_aIndia. : _bMIT Press, _c2001. |
||
| 300 |
_axxi, 534 p. : _bill. |
||
| 650 | 0 | _aMechanics. | |
| 700 | 1 | _aWisdom, Jack. | |
| 700 | 1 |
_aMayer, Meinhard E. _d1929- |
|
| 942 |
_cBK _k531 SUS _2ddc |
||
| 999 |
_c7827 _d7827 |
||